Statistics for Picture Chain #1

Click here to take the quiz!

General Stats

  • This quiz has been taken 133 times
  • The average score is 13 of 20

Answer Stats

Answer% Correct
Zebra
99%
Earth
96%
Ranch
84%
Sushi
76%
Chickpea
74%
Hinge
74%
Thread
74%
Toucan
72%
Shell
68%
Confetti
67%
Leash
67%
Gelato
65%
Llama
63%
Antelope
61%
Tiramisu
59%
Maze
55%
Alamo
51%
Monaco
43%
Admiral
28%
Pentacle
13%

Score Distribution

Percentile by Number Answered

Percent of People with Each Score

Your Score History

You have not taken this quiz